00354nam a2200157Ia 4500003000400000005001700004008004000021040000700061041001200068082001300080100004100093245003400134260001300168300000900181440000600190OSt20221124163152.0210210b1968 xxu||||| |||| 00| 0 eng d cAL aEnglish a302 LINH aLINDZEY (Gardner) & ARONSON (Elliot) aHandbook of social psychology aNYc1968 a1036 a5